Administración de recursos humanos.
I tiakina i:
| Kaituhi matua: | |
|---|---|
| Ētahi atu kaituhi: | , , |
| Hōputu: | Pukapuka |
| Reo: | Pāniora |
| I whakaputaina: |
Ciudad de México, México:
Cengage Learning Editores S. A.,
2018.
|
| Putanga: | 17a. edición. |
| Ngā marau: | |
| Ngā Tūtohu: |
Tāpirihia he Tūtohu
Kāore He Tūtohu, Me noho koe te mea tuatahi ki te tūtohu i tēnei pūkete!
|
MARC
| LEADER | 00000cam a2200000 a 4500 | ||
|---|---|---|---|
| 001 | UCC4213 | ||
| 003 | CL-VaPUC | ||
| 005 | 20241115112005.0 | ||
| 008 | 180720e20180000mx |||||||||||||||||spa|d | ||
| 999 | |c 371766 |d 371764 | ||
| 020 | |a 9786075265261 | ||
| 040 | |c Pontificia Universidad Católica de Valparaíso | ||
| 082 | 0 | 4 | |a 658.3 BOH 2018 |2 21 |
| 100 | |a Bohlander, George W |e autor |9 345199 | ||
| 245 | 1 | 0 | |a Administración de recursos humanos. |
| 250 | |a 17a. edición. | ||
| 260 | |a Ciudad de México, México: |b Cengage Learning Editores S. A., |c 2018. | ||
| 300 | |a 706 páginas : |b ilustraciones. | ||
| 583 | |a last modification |c 20180720 14:27:00 |k Rodrigo Vera | ||
| 650 | 0 | |a Gestión de recursos humanos |9 879947 | |
| 650 | 0 | |a Igualdad de oportunidades en el empleo |9 893675 | |
| 650 | 0 | |a Selección de personal |9 307100 | |
| 650 | 0 | |a Cualificaciones profesionales |9 893676 | |
| 700 | 0 | |a Snell, Scott A |e autor |9 598356 | |
| 700 | 0 | |a Morris, Shad S |e autor |9 598357 | |
| 700 | 0 | |a García Alvarez, Consuelo |e traducción |9 884805 | |
| 942 | |c BK |2 ddc | ||
| 945 | |d 20180720 14:27:00 |a dcastane | ||
| 952 | |0 0 |1 0 |3 erb |4 0 |6 658_300000000000000_BOH_2018 |7 0 |8 A |9 488947 |a BIBGIM |b BIBGIM |i 5481759 |o 658.3 BOH 2018 |p 5481759 |r 2025-01-15 |w 2019-11-24 |y BK |z Catalogado en:20180720 |k COM | ||
| 952 | |0 0 |1 0 |3 erb |4 0 |6 658_300000000000000_BOH_2018 |7 0 |8 A |9 488948 |a BIBGIM |b BIBGIM |i 5481740 |l 4 |o 658.3 BOH 2018 |p 5481740 |r 2025-01-15 |s 2023-07-07 |w 2019-11-24 |y BK |z Catalogado en:20180720 |k COM | ||
| 952 | |0 0 |1 0 |2 ddc |4 0 |6 658_300000000000000_BOH_2018 |7 0 |8 A |9 591773 |a BIBGIM |b BIBGIM |c GEN |d 2023-09-29 |e 59 |g 87311.00 |i 5658820 |o 658.3 BOH 2018 |p 5658820 |r 2025-01-15 |t 3 |v 87311.00 |w 2023-09-29 |y BK |k EST | ||
| 952 | |0 0 |1 0 |2 ddc |4 0 |6 658_300000000000000_BOH_2018 |7 0 |8 A |9 591774 |a BIBGIM |b BIBGIM |c GEN |d 2023-09-29 |e 59 |g 87311.00 |i 5658821 |o 658.3 BOH 2018 |p 5658821 |r 2025-01-15 |t 4 |v 87311.00 |w 2023-09-29 |y BK |k EST | ||
| 952 | |0 0 |1 0 |2 ddc |4 0 |6 658_300000000000000_BOH_2018 |7 0 |8 A |9 594063 |a BIBENE |b BIBENE |c RES |d 2024-04-16 |e 3 |g 31454.00 |i 5660696 |l 10 |o 658.3 BOH 2018 |p 5660696 |q 2025-05-09 |r 2025-05-07 |s 2025-05-07 |t 5 |v 31454.00 |w 2024-04-16 |y BK_R |k ICO | ||